Daňová prognóza sa v roku 2012 nenaplnila chyba prognózy daní v roku 2012 bola nad dlhodobým cieľom do 2% : komentár 2013/08
Salvato in:
| Autore principale: | |
|---|---|
| Natura: | Libro |
| Lingua: | slovacco |
| Pubblicazione: |
Bratislava
2013
|
| Soggetti: | |
| Tags: |
Nessun Tag, puoi essere il primo ad aggiungerne!!
|
MARC
| LEADER | 00000nam a2200000 4500 | ||
|---|---|---|---|
| 001 | 0192118 | ||
| 005 | 20240416113600.5 | ||
| 041 | 0 | |a slo | |
| 044 | |a SK | ||
| 245 | 1 | 0 | |a Daňová prognóza sa v roku 2012 nenaplnila |b chyba prognózy daní v roku 2012 bola nad dlhodobým cieľom do 2% : komentár 2013/08 |c Ján Remeta |
| 264 | 1 | |a Bratislava |c 2013 | |
| 300 | |a [6 s., 9,4 NS] | ||
| 610 | 2 | 0 | |a dane |
| 610 | 2 | 0 | |a prognózovanie |
| 100 | 1 | |a Remeta, Ján | |